000
00317nam a2200133Ia 4500
008
240624s9999 xx 000 0 und d
041
_a
eng
082
_a
006.76 MCG
100
_a
MCGOVERN JAMES
245
_a
J2EE 1 4 BIBLE
260
_c
2005
_a
New Delhi
_b
Wiley Dreamtech India
300
_a
xxiv, : 976
365
_c
RS
999
_c
1633
_d
1633